| 000 | 00404nam a2200169Ia 4500 | ||
|---|---|---|---|
| 003 | GCL | ||
| 008 | 140319s9999 xx 000 0 ara d | ||
| 040 |
_aGCL / _cGCL |
||
| 082 | 0 | 4 |
_a156.31 _bد ت |
| 245 | 1 | 0 | _aتنشيط الذاكرة |
| 300 | _a96 ص | ||
| 490 | _a | ||
| 650 | 0 | 4 | _aعلم النفس الفسيولوجى |
| 650 | 0 | 4 | _aالذاكرة |
| 650 | 0 | 4 | _aالاعصاب |
| 942 |
_2ddc _cBK |
||
| 999 |
_c44552 _d44552 |
||